000
00243nam a22001097a 4500
082
_a
823
_b
STA/V
100
_a
STATE BARBARA
245
_a
VERY BUSY BARBIE
246
_a
VERY BUSY BARBIE
_b
VERY BUSY BARBIE
650
_a
ENGLISH STORY
942
_c
BK
999
_c
8628
_d
8628